000 00388nam a22001697a 4500
005 20160528123131.0
008 160528b xxu||||| |||| 00| 0 eng d
020 _a981-243-133-0
041 _aeng
082 _b5807
100 _aFerrall, O.C. and other
_91455
245 _aMarketing Strategy
260 _bThomson
_c2003
300 _a449
650 _aManagement
_9241
942 _cBK
999 _c2059
_d2058